Problemas idiomáticos del habla costarricense

Salvato in:
Dettagli Bibliografici
Autore principale: López Martín, Alfonso
Natura: Libro
Lingua:Undetermined
Pubblicazione: San José, Costa Rica Universidad de Costa Rica 1982
Soggetti:
Tags: Aggiungi Tag
Nessun Tag, puoi essere il primo ad aggiungerne!!

MARC

LEADER 00000nam a2200000Ia 4500
008 170316s9999 xx 000 0 und d
090 |a 410 L-21pr 
100 |a López Martín, Alfonso 
245 |a Problemas idiomáticos del habla costarricense 
260 |a San José, Costa Rica 
260 |b Universidad de Costa Rica 
260 |c 1982 
300 |a 82 páginas 
650 |a LINGÜÍSTICA 
999 |c 18540  |d 18540 
040 |a cru BVZT 
942 |c 15 D  |h 410 L-21pr  |2 z